State of the World 2000. (Record no. 17649)

MARC details
000 -LEADER
fixed length control field 00589nam a2200241 a 4500
020 ## - INTERNATIONAL STANDARD BOOK NUMBER
ISBN 0393489
082 00 - DEWEY DECIMAL CLASSIFICATION NUMBER
Classification number 574.5
Author Cutter STA
100 ## - MAIN ENTRY--AUTHOR NAME
Author name Starke, Linda
245 ## - TITLE STATEMENT
Title State of the World 2000.
260 ## - PUBLICATION, DISTRIBUTION, ETC. (IMPRINT)
Place of publication New York
Name of publisher W.W.Norton and Co.
Year of publication 1999
300 ## - PHYSICAL DESCRIPTION
Number of Pages 276p
500 ## - GENERAL NOTE
General note includes index and biblioraphy
505 2# - FORMATTED CONTENTS NOTE
Formatted contents note Xerox copy -bound.
650 ## - SUBJECT ADDED ENTRY--TOPICAL TERM
Topical Term Ecology
942 ## - ADDED ENTRY ELEMENTS (KOHA)
Koha item type Books
700 1# -
-- Starke, Linda
Holdings
Collection code Home library Current library Date acquired Cost, normal purchase price Full call number Accession Number Koha item type
  Henry Martyn Institute Library Henry Martyn Institute Library 06/11/2007 100.00 574.5 STA 11001117 Books
                   Copyright © 2026 | Henry Martyn Institute | Hyderabad | TS-500052 | INDIA | Implemented by hmi.edu.in
Hit-Count:

Powered by Koha